| 000 | 00648nam a2200193 i 4500 | ||
|---|---|---|---|
| 001 | 124489 | ||
| 003 | ES-MaACL | ||
| 007 | t| | ||
| 008 | 070328s1930 sp ||||1| spa d | ||
| 100 | 1 |
_aSternberg, Theodor. _9108137 |
|
| 245 | 1 | 0 |
_aIntroducción a la ciencia del derecho / _cTheodor Sternberg ; traducción de la segunda edición alemana por José Rovira y Ermengol. |
| 260 |
_aBarcelona : _bLabor, _c[1930] |
||
| 300 |
_a408 p. ; _c17 cm. |
||
| 490 | 1 |
_aColección Labor ; _v226, 227 |
|
| 700 | 1 |
_aRovira y Ermengol, José. _9100159 |
|
| 830 | 0 | 0 |
_aColección Labor _v226, 227 _9184254 |
| 852 |
_aES-MaACL _jE-2734 |
||
| 999 |
_c124489 _d124489 |
||